Регионална библиотека "Любен Каравелов" - Русе

Учебник по родинознание (Запис номер 197475)

MARC детайли
000 -Лидер
Лидер 01741nam a2200397 a 4500
003 - Код на организацията, давaща контролен номер
Код на организацията, даваща контролен номер BLK
005 - Дата и час на последна редакция
Дата и час на последна редакция 20240322150330.0
008 - Елементи от данни с фиксирана дължина
Елементи с фиксирана дължина 180411b bul|||||r ||||||| ||bul||
010 ## - Наследен системен номер
LC control number KNG00206756000
020 ## - Международен стандартен номер на книга ISBN
ISBN 9786197287035
040 ## - Източник на каталожния запис
Код на библиотеката BLK
041 ## - Код за език
Език Български
Език за КДБФ Български
080 ## - УДК
УДК текст Родинознание
УДК код 373.3.016:9
УДК – определител (075.2)
УДК – код + определител 373.3.016:9(075.2)
9 (RLIN) 237859
100 ## - Редна дума - Автор
Автор Георгиев, Иван Йорданов
R(LIN) 347865
245 10 - Сведения за заглавието
Заглавие Учебник по родинознание
Подзаглавни данни от І до ІV кл.
Авторска отговорност Иван Георгиев, Димитър Лазов, Светлозар Димитров
257 ## - Страна на издаване
Страна на създаване/издаване България
260 ## - Област на издателските данни
Място на издаване София
Име на издателя Илия Вълчев
Година на издаване 2016
Печатница Перник : Полиграф
300 ## - Физическа характеристика
Брой страници 64 с.
Илюстрации с цв. ил.
Размер 30 см
380 ## - Жанр
Жанр Детска отраслова лит.
500 ## - Общи забележки
Обща забележка Доп. тир. 2022
650 #4 - Допълнително описание по предмет – тема
Предметна рубрика Родинознание - учебници за основни училища
9 (RLIN) 242510
653 ## - Ключова дума – ненормативна
Ключови думи родинознание
653 ## - Ключова дума – ненормативна
Ключови думи І кл. - ІV кл.
700 #0 - Други автори (авторска отговорност)
Друг автор Лазов, Димитър
Пълното име на др. автор Бъчваров, Димитър Лазов
Дати, свързани с автора 1884 - 19??
Друга информация Автор на учебници
9 (RLIN) 303721
700 10 - Други автори (авторска отговорност)
Друг автор Змей Горянин
Пълното име на др. автор Димитров, Светлозар Акендиев
Дати, свързани с автора 1905-1958
Друга информация Писател. Автор на учебни помагала. Преводач от църковнославянски език.
9 (RLIN) 70146
852 ## - Местоположение
Сигнатура (форматна) Цб ІІ 21816
852 ## - Местоположение
Отдел Детски отдел
Систематично-азбучна сигнатура ДН 373.3.016:9/Г 37 И
856 4# - Електронен адрес и достъп
Електронен формат pdf - файл
856 4# - Електронен адрес и достъп
Електронен формат pdf - файл
942 ## - АРТИКУЛИ
Вид на библиотечния документ Книги
Скрит в OPAC Не
944 ## - СЪЗДАВАНЕ И РЕДАКЦИЯ на ЗАПИСА
Създаване/Редакция Създаване
Дата на регистрацията/редакция 23.05.2017
Номер на служител Иваничка Йорданова
Служител, извършил регистрацията/редакцията 30553
944 ## - СЪЗДАВАНЕ И РЕДАКЦИЯ на ЗАПИСА
Създаване/Редакция Редакция
Дата на регистрацията/редакция 26.06.2017
Служител, извършил регистрацията/редакцията Геновева_Генчева
999 ## - СИСТЕМНИ КОНТРОЛНИ НОМЕРА
Koha biblionumber 197475
Koha biblioitemnumber 197475
999 ## - СИСТЕМНИ КОНТРОЛНИ НОМЕРА
Koha biblioitemnumber 197475
999 ## - СИСТЕМНИ КОНТРОЛНИ НОМЕРА
Koha biblioitemnumber 197475
Наличности
Код за отписване Код за изгубен артикул Код за повреда Коз за рестрикции Код за отдаване Артикулен № Име на библиотеката - собственик Име на библиотеката, в която се намира в момента Статус (Текущо местоположение) Дата на вписване в системата Местоположение - отдел Цена в лева Инвентарен номер Систематично азбучна сигнатура Баркод Номер на екземпляра Цена в евро Служебна бележка Служебен тип на артикула Източник на класификационната схема
  Не е изгубен Не е повреден без рестрикции ползва се в читалня 343831 Регионална библиотека "Любен Каравелов" Русе Регионална библиотека "Любен Каравелов" Русе Хранилище 2017-05-19 Хранилище 16.00 120000811245 Цб ІІ 21816 120000811245 1 8.18 Дост: Dp Вид: Д N: 16 Дата: 28.03.2017 Книги  
  Не е изгубен Не е повреден без рестрикции заемане за дома 837392 Регионална библиотека "Любен Каравелов" Русе Регионална библиотека "Любен Каравелов" Русе Детски отдел 2021-06-17 Детски отдел 1.00   ДН 373.3.016:9/Г 37 И 120000856626   0.51   Книги Universal Decimal Classification
  Не е изгубен Не е повреден   заемане за дома 941690 Регионална библиотека "Любен Каравелов" Русе Регионална библиотека "Любен Каравелов" Русе Детски отдел 2024-03-21 Детски отдел 8.00 120000900718 ДН 373.3.016:9/Г 37 И 120000900718   4.09   Книги Universal Decimal Classification
Vip Innovations Ltd, Rousse, Bulgaria 2025